La claúsula de aceleración
Enregistré dans:
| Auteur principal: | |
|---|---|
| Format: | Livre |
| Langue: | espagnol |
| Publié: |
Santiago
Metropolitana
2018
|
| Édition: | 1a. ed |
| Sujets: | |
| Tags: |
Ajouter un tag
Pas de tags, Soyez le premier à ajouter un tag!
|
MARC
| LEADER | 00000cam a2200000 a 4500 | ||
|---|---|---|---|
| 001 | UCC4748 | ||
| 003 | CL-VaPUC | ||
| 008 | 180824e20180000cl |||||||||||||||||spa|d | ||
| 020 | |a 9789562862493 | ||
| 082 | 0 | 4 | |a 346.073 |b POB |2 21 |
| 100 | 0 | |a Poblete Ruiz, Carlos |e author |9 598947 | |
| 245 | 1 | 3 | |a La claúsula de aceleración |
| 250 | |a 1a. ed | ||
| 300 | |a 135 p | ||
| 942 | |c BK | ||
| 945 | |d 20180824 13:39:00 |a dcastane | ||
| 260 | |a Santiago |b Metropolitana |c 2018 | ||
| 650 | 7 | |a CLAUSULAS |2 CL-VaPUC |9 397755 | |
| 650 | 0 | |a Crédito |9 256211 | |
| 650 | 0 | |a Derecho comercial |9 256340 | |
| 583 | |a last modification |c 20180824 13:39:00 |k Rodrigo Vera | ||
| 999 | |c 372166 |d 372164 | ||
| 952 | |0 0 |1 0 |3 erb |4 0 |6 346_073000000000000_POB_2018 |7 0 |8 A |9 489445 |a BIBDER |b BIBDER |i 5491274 |o 346.073 POB 2018 |p 5491274 |r 2023-01-25 |w 2019-11-24 |y BK |z Catalogado en:20180824 |k DER | ||